LEADER 01450nam a2200241 4500 001 000000367380 003 CaOOAMICUS 005 20260421160201.0 008 260421s1888 it 000 u lat r 040 $aSeMil$bita 100 1 $aMonaco La Valletta, Raffaele .$0(OLS)http://semarc/name/29926 245 10$aDecreto di condanna ed elenco delle quaranta proposizioni dell'Abb. Antonio Rosmini condannate dalla Suprema Congregazione del Santo Uffizio pubblicato il 7 marzo 1888. 264 1$aMilano :$bTipografia dell' Osservatore cattolico,$c1888. 300 $a14 p. ;$c29 cm 500 $aEstratto da: Osservare Cattolico, n. 61 del 14-15 marzo 1888. - A p. 3 lettera firmata dal R. cardinale Monaco. 650 4$aRosmini Serbati, Antonio - "Questione rosminiana".$0(OLS)http://semarc/subject/19595 710 2 $aChiesa Cattolica : Congregazione dell'Inquisizione.$0(OLS)http://semarc/name/81274 850 $aSeMil 852 $aSeMil$W1$xVenegono$y1$m5D XI 28/27$j270652$B258086$CSeMilBibl$Z2$F258086 $8I 961 $aVolume con evidenti appunti a margine 996 $6245$aDecreto di condanna ed elenco delle quaranta proposizioni dell'Abb. Antonio Rosmini condannate dalla Suprema Congregazione del Santo Uffizio pubblicato il 7 marzo 1888$9(OLS)http://semarc/title/459302 996 $6264$aMilano :$bTipografia dell' Osservatore cattolico$9(OLS)http://semarc/publisher/30382